000 00458nam a2200145Ia 4500
008 230917s9999||||xx |||||||||||||| ||und||
040 _e164020
_aMAIN
041 _aEnglish
082 _a891.4317109 MB896:JK
100 _aजगदीश कुमार
245 0 _aमुकि्तबोधः संकल्पात्मक कविता
260 _aनई दिल्ली
_bनचिकेता
_c1981
300 _a136 p.
942 _cHN
999 _c226729
_d226729